[Event "Dubai op 05th"]
[Site "Dubai"]
[Date "2003.04.28"]
[Round "8"]
[White "Mahmoody, M Sadegh"]
[Black "Yahya, Mohamed Saleh"]
[Result "1/2-1/2"]
[WhiteElo "2226"]
[BlackElo "2060"]
[PlyCount "121"]
[EventDate "2003.04.20"]
[EventType "swiss"]
[EventRounds "9"]
[EventCountry "UAE"]
[SourceTitle "CBM 093 Extra"]
[Source "ChessBase"]
[SourceDate "2003.05.09"]
[SourceVersion "1"]
[SourceVersionDate "2003.05.09"]
[SourceQuality "1"]

1. e4 e5 2. Nf3 Nc6 3. d4 exd4 4. Bc4 Bc5 5. c3 Nf6 6. cxd4 Bb4+ 7. Nc3 Nxe4 8. 0-0 Bxc3 9. d5 Bf6 10. Re1 Ne7 11. Rxe4 d6 12. Bg5 Bxg5 13. Nxg5 h6 14. Qh5 0-0 15. Rae1 Ng6 16. Ne6 fxe6 17. Qxg6 e5 18. Rxe5 dxe5 19. d6+ Kh8 20. Bd3 Bf5 21. Bxf5 Rxf5 22. Qxf5 Qxd6 23. Qxe5 Qxe5 24. Rxe5 Rd8 25. g4 Rd4 26. h3 Rd2 27. Rb5 b6 28. Kg2 Kg8 29. Kg3 Kf7 30. h4 Ke6 31. h5 c6 32. Rb3 Rd5 33. f4 Ra5 34. Re3+ Kf6 35. a3 Rb5 36. b4 a5 37. f5 c5 38. Re6+ Kf7 39. bxc5 bxc5 40. Kf4 Rb3 41. Rc6 Rxa3 42. Rc7+ Kf6 43. Rc6+ Kf7 44. f6 gxf6 45. Rxc5 Ra1 46. Rc7+ Ke6 47. Rh7 Rf1+ 48. Ke3 Rg1 49. Kf4 a4 50. Ra7 Ra1 51. Ra6+ Kf7 52. Kf5 Rf1+ 53. Ke4 Rg1 54. Kf4 Ra1 55. Ra7+ Ke6 56. Ra6+ Kf7 57. Kf5 Rf1+ 58. Ke4 Rg1 59. Kf5 Rf1+ 60. Ke4 Rg1 61. Kf4 1/2-1/2

[Event "Fajr op 11th"]
[Site "Tehran"]
[Date "2003.03.01"]
[Round "3"]
[White "Petrosian, Tigran L"]
[Black "Mahmoody, M Sadegh"]
[Result "0-1"]
[WhiteElo "2419"]
[BlackElo "2226"]
[PlyCount "56"]
[EventDate "2003.02.27"]
[EventType "swiss"]
[EventRounds "9"]
[EventCountry "IRI"]
[SourceTitle "CBM 093 Extra"]
[Source "ChessBase"]
[SourceDate "2003.05.09"]
[SourceVersion "1"]
[SourceVersionDate "2003.05.09"]
[SourceQuality "1"]

1. e4 c5 2. Nc3 Nc6 3. f4 g6 4. Bb5 Nd4 5. Nf3 Nxb5 6. Nxb5 Nf6 7. e5 Nd5 8. c4 Nc7 9. Nxc7+ Qxc7 10. 0-0 Bg7 11. b3 b6 12. d4 cxd4 13. Ba3 Bb7 14. Nxd4 f6 15. f5 fxe5 16. f6 Bxf6 17. Rxf6 exf6 18. Nb5 Qc6 19. Nd6+ Kd8 20. Qf1 Kc7 21. Nb5+ Kb8 22. Rd1 a6 23. Bd6+ Kc8 24. Nc3 Re8 25. Rd5 Re6 26. Ne4 a5 27. Qf3 f5 28. g4 Rxd6 0-1